Изменение состава кислородорганических соединений в процессе термического созревания современного осадка; Известия Томского политехнического университета [Известия ТПУ]; Т. 319, № 3 : Химия
| Parent link: | Известия Томского политехнического университета [Известия ТПУ]/ Томский политехнический университет (ТПУ).— , 2000- Т. 319, № 3 : Химия.— 2011.— [С. 134-138] |
|---|---|
| Altri autori: | , , , |
| Riassunto: | Заглавие с титульного листа Электронная версия печатной публикации Изучены распределение и состав кислородсодержащих компонентов в свободных и связанных липидах современного осадка континентального типа и продуктах их термического преобразования в интервале температур 150…250 °С. Показано, что в исходных липидах кислородные соединения представлены алифатическими эфирами, кислотами и спиртами. Процесс термолиза сопровождается уменьшением доли алифатических соединений и появлением нафтеновых и ароматических структур. В составе кислородных соединений продуктов термического преобразования осадка идентифицированы как соединения, присутствующие в нефтях, так и соединения, имеющие структуру, близкую к нефтяным. |
| Lingua: | russo |
| Pubblicazione: |
2011
|
| Serie: | Химия |
| Soggetti: | |
| Accesso online: | http://www.lib.tpu.ru/fulltext/v/Bulletin_TPU/2011/v319/i3/30.pdf |
| Natura: | MixedMaterials Elettronico Capitolo di libro |
| KOHA link: | https://koha.lib.tpu.ru/cgi-bin/koha/opac-detail.pl?biblionumber=204140 |
MARC
| LEADER | 00000nla2a2200000 4500 | ||
|---|---|---|---|
| 001 | 204140 | ||
| 005 | 20231031190017.0 | ||
| 035 | |a (RuTPU)RU\TPU\book\222484 | ||
| 035 | |a RU\TPU\book\222483 | ||
| 090 | |a 204140 | ||
| 100 | |a 20111120d2011 k y0rusy50 ca | ||
| 101 | 0 | |a rus | |
| 102 | |a RU | ||
| 135 | |a drnn ---uucaa | ||
| 181 | 0 | |a i | |
| 182 | 0 | |a b | |
| 200 | 1 | |a Изменение состава кислородорганических соединений в процессе термического созревания современного осадка |b Электронный ресурс |f Т. В. Чешкова [и др.] | |
| 203 | |a Текст |c электронный | ||
| 215 | |a 1 файл (125 Кб) | ||
| 225 | 1 | |a Химия | |
| 230 | |a Электронные текстовые данные (1 файл : 125 Кб) | ||
| 300 | |a Заглавие с титульного листа | ||
| 300 | |a Электронная версия печатной публикации | ||
| 320 | |a [Библиогр.: с. 138 (27 назв.)] | ||
| 330 | |a Изучены распределение и состав кислородсодержащих компонентов в свободных и связанных липидах современного осадка континентального типа и продуктах их термического преобразования в интервале температур 150…250 °С. Показано, что в исходных липидах кислородные соединения представлены алифатическими эфирами, кислотами и спиртами. Процесс термолиза сопровождается уменьшением доли алифатических соединений и появлением нафтеновых и ароматических структур. В составе кислородных соединений продуктов термического преобразования осадка идентифицированы как соединения, присутствующие в нефтях, так и соединения, имеющие структуру, близкую к нефтяным. | ||
| 337 | |a Adobe Reader | ||
| 461 | 1 | |0 (RuTPU)RU\TPU\book\176237 |t Известия Томского политехнического университета [Известия ТПУ] |f Томский политехнический университет (ТПУ) |d 2000- | |
| 463 | 1 | |0 (RuTPU)RU\TPU\book\222246 |x 1684-8519 |t Т. 319, № 3 : Химия |v [С. 134-138] |d 2011 |p 194 с. | |
| 610 | 1 | |a липиды | |
| 610 | 1 | |a современный осадок | |
| 610 | 1 | |a кислородорганические соединения | |
| 610 | 1 | |a состав | |
| 610 | 1 | |a структура | |
| 610 | 1 | |a кислородные соединения | |
| 610 | 1 | |a термолиз | |
| 610 | 1 | |a электронный ресурс | |
| 701 | 1 | |a Чешкова |b Т. В. | |
| 701 | 1 | |a Сагаченко |b Т. А. | |
| 701 | 1 | |a Бушнев |b Д. А. | |
| 701 | 1 | |a Бурдельная |b Н. С. | |
| 801 | 1 | |a RU |b 63413507 |c 20090623 |g PSBO | |
| 801 | 2 | |a RU |b 63413507 |c 20190204 |g PSBO | |
| 856 | 4 | |u http://www.lib.tpu.ru/fulltext/v/Bulletin_TPU/2011/v319/i3/30.pdf | |
| 942 | |c CF | ||